| 000 | 00593nam a22001937a 4500 | ||
|---|---|---|---|
| 003 | 0 | ||
| 005 | 20230929150903.0 | ||
| 008 | 230929b xxu||||| |||| 00| 0 eng d | ||
| 020 | _a978-1-119-81035-3 | ||
| 050 |
_aPE 1128 _b.D74 2023 |
||
| 100 | _aDressman, Mark | ||
| 245 |
_aEnglish language learning in the digital age _c Mark Dressman |
||
| 260 |
_aNew Jersey _bJohn & Wiley Sons _cc2023. |
||
| 300 |
_axi, 321 pages ; _c26 cm. |
||
| 500 | _aEnglish--foreign speakers. | ||
| 504 | _aIncludes bibliographical references and index. | ||
| 650 | _aEnglish language. | ||
| 942 |
_2lcc _cBK |
||
| 999 |
_c365456 _d365456 |
||